| 000 | 01299cam a22003497a 4500 | ||
|---|---|---|---|
| 003 | CHAP | ||
| 005 | 20220817043719.0 | ||
| 008 | 001009d2000 mx a r 00110 spa d | ||
| 010 | _a82496 | ||
| 011 | _a83468 | ||
| 035 | _a93981 | ||
| 040 | _cCHAP | ||
| 090 | _aTesis | ||
| 100 | 0 | 0 |
_aRico Muñiz, Adrián. _997331 |
| 245 | 1 | 0 |
_aNemátodos fitoparásitos presentes en la rizósfera del crisantemo (Dendrathema grandiflora Tzevelez) en el municipio de Texcoco, Estado de México _c/por Adrián Rico Muñiz |
| 260 |
_aChapingo, Méx. : _bEl autor, _c2000. |
||
| 300 |
_a65 h. : _bilus. |
||
| 502 | _aTesis (Ing. Agr. Esp. en Parasitología Agrícola) -- UACH. Departamento de Parasitología Agrícola | ||
| 590 |
_aALEPH _b10 _c20130110 _lUCH01 _h1438 |
||
| 590 |
_aBATCH-UPD _b10 _c20130110 _lUCH01 _h0448 |
||
| 590 |
_aBATCH-UPD _b10 _c20130410 _lUCH01 _h0125 |
||
| 590 |
_aBATCH-UPD _b10 _c20130914 _lUCH01 _h1058 |
||
| 590 |
_aCONVERSION _b10 _c20130109 _lUCH01 _h1346 |
||
| 650 | 1 | 4 |
_aCrisantemo _xPlagas. _928961 |
| 650 | 1 | 4 |
_aDendranthema morifolium. _931769 |
| 650 | 1 | 4 | _aNemátodos parásitos de plantas. |
| 901 | _aBK | ||
| 905 | _aMayto Villalobos S. | ||
| 942 | _cFOLL | ||
| 949 |
_bBC _cTES _d33724000793956 _eTS2 _fc.2 _h37081 _i93981 _si |
||
| 949 |
_bBC _cTES _d939811 _eTS1 _h37080 _i93981 _sb |
||
| 999 |
_c82496 _d82496 |
||